[Event "San Francisco TNM Summer op"]
[Site "San Francisco"]
[Date "2017.06.20"]
[Round "5"]
[White "Marcus, Joel"]
[Black "Gurovich, Roman"]
[Result "1-0"]
[WhiteElo "1919"]
[BlackElo "1679"]
[PlyCount "82"]
[EventDate "2017.05.23"]
[EventType "swiss"]
[EventRounds "8"]
[EventCountry "USA"]
[SourceTitle "EXT 2023"]
[Source "ChessBase"]
[SourceDate "2022.10.05"]
[SourceVersion "1"]
[SourceVersionDate "2022.10.05"]
[SourceQuality "1"]

1. d4 f5 2. Nf3 g6 3. Bf4 Nf6 4. e3 Bg7 5. Nbd2 d6 6. Be2 0-0 7. h4 h6 8. c3 e6 9. Qb3 Qe7 10. 0-0-0 b6 11. Nh2 Nc6 12. g4 Na5 13. Qc2 e5 14. dxe5 dxe5 15. Bg3 f4 16. exf4 exf4 17. Rhe1 Qf7 18. Bxf4 Qxa2 19. Bf3 Bb7 20. Bxb7 Nxb7 21. Qxg6 Qf7 22. Qxf7+ Rxf7 23. Bg3 Nc5 24. Kc2 a5 25. f3 Kf8 26. Nc4 Nh7 27. Ne5 Bxe5 28. Bxe5 Rc8 29. f4 Nd7 30. Nf3 Kg8 31. Nd4 Nxe5 32. fxe5 Rf2+ 33. Kb3 c5 34. Nf5 Re8 35. e6 Nf8 36. e7 Rxf5 37. gxf5 Nh7 38. Rd8 Kf7 39. Rxe8 Kxe8 40. Kc4 Nf6 41. Kb5 Nd5 1-0

[Event "San Francisco TNM Fall op"]
[Site "San Francisco"]
[Date "2016.10.25"]
[Round "2"]
[White "Marcus, Joel"]
[Black "James, Charles"]
[Result "1-0"]
[WhiteElo "1883"]
[BlackElo "1380"]
[PlyCount "83"]
[EventDate "2016.10.18"]
[EventType "swiss"]
[EventRounds "9"]
[EventCountry "USA"]
[SourceTitle "EXT 2018"]
[Source "ChessBase"]
[SourceDate "2017.10.13"]
[SourceVersion "1"]
[SourceVersionDate "2017.10.13"]
[SourceQuality "1"]

1. d4 d5 2. Bf4 Nf6 3. Nf3 Nbd7 4. e3 Nh5 5. Bg3 Nxg3 6. hxg3 Nf6 7. Bd3 Bg4 8. Nbd2 e6 9. c3 Bd6 10. Qc2 g6 11. Ne5 Bf5 12. 0-0-0 Bxe5 13. Bxf5 exf5 14. dxe5 Ng4 15. Nf3 c6 16. Rhe1 Qe7 17. Qd2 0-0-0 18. Re2 Rhe8 19. Qd4 Kb8 20. Qf4 Nxe5 21. Qh6 f6 22. Rh1 Rd7 23. Qf4 Kc8 24. Qa4 b6 25. Nxe5 Qxe5 26. Qxc6+ Qc7 27. Qa8+ Qb8 28. Qxb8+ Kxb8 29. Rd2 h5 30. Rhd1 Red8 31. c4 Rc8 32. b3 Rc5 33. Kb2 Kc8 34. Rxd5 Rcxd5 35. Rxd5 Rxd5 36. cxd5 Kd7 37. Kc3 Kd6 38. Kc4 a6 39. a4 g5 40. Kd4 a5 41. Kc4 Ke5 42. Kb5 1-0

[Event "San Francisco Benson Memorial"]
[Site "San Francisco"]
[Date "2016.08.30"]
[Round "5"]
[White "James, Charles"]
[Black "Marcus, Joel"]
[Result "0-1"]
[WhiteElo "1380"]
[BlackElo "1877"]
[PlyCount "44"]
[EventDate "2016.08.02"]
[EventType "swiss"]
[EventRounds "9"]
[EventCountry "USA"]
[SourceTitle "EXT 2018"]
[Source "ChessBase"]
[SourceDate "2017.10.13"]
[SourceVersion "1"]
[SourceVersionDate "2017.10.13"]
[SourceQuality "1"]

1. d4 d5 2. c4 Nc6 3. Nf3 Bg4 4. cxd5 Bxf3 5. gxf3 Qxd5 6. e3 e6 7. Nc3 Qh5 8. Be2 Nge7 9. e4 0-0-0 10. Be3 f5 11. Qd2 f4 12. Bxf4 Nxd4 13. Rd1 Nec6 14. Qc1 Bb4 15. Rd3 Nxe2 16. Rxd8+ Rxd8 17. Kxe2 Nd4+ 18. Kf1 Qxf3 19. Rg1 Bxc3 20. Rg3 Qh1+ 21. Rg1 Qxg1+ 22. Kxg1 Ne2+ 0-1

[Event "San Francisco TNM Summer op"]
[Site "San Francisco"]
[Date "2016.06.28"]
[Round "6"]
[White "Marcus, Joel"]
[Black "Smith, Mahlon A"]
[Result "0-1"]
[WhiteElo "1913"]
[BlackElo "2060"]
[PlyCount "88"]
[EventDate "2016.05.24"]
[EventType "swiss"]
[EventRounds "8"]
[EventCountry "USA"]
[SourceTitle "EXT 2018"]
[Source "ChessBase"]
[SourceDate "2017.10.13"]
[SourceVersion "1"]
[SourceVersionDate "2017.10.13"]
[SourceQuality "1"]

1. d4 Nf6 2. Nf3 g6 3. Bf4 Bg7 4. e3 d6 5. h3 0-0 6. Be2 c5 7. 0-0 Qb6 8. Na3 Nbd7 9. Nc4 Qc7 10. c3 b5 11. Ncd2 Rb8 12. b4 c4 13. Bg3 Nb6 14. Qc1 Bb7 15. Bd1 Ne4 16. Nxe4 Bxe4 17. a4 a6 18. a5 Nd5 19. Qd2 Rbc8 20. Rc1 Qb7 21. Re1 Nf6 22. Be2 Bd5 23. Bf4 Ne4 24. Qd1 h6 25. Bf1 g5 26. Bh2 Qd7 27. Nd2 Nxd2 28. Qxd2 f5 29. f3 Qe6 30. Re2 Bc6 31. Rce1 d5 32. Rf2 Qg6 33. Be2 h5 34. Ref1 h4 35. Qd1 Bd7 36. Kh1 Bf6 37. Rg1 Kg7 38. f4 g4 39. g3 Rh8 40. gxh4 Rxh4 41. hxg4 fxg4 42. Rfg2 Qe4 43. Bxg4 Rxg4 44. Qe2 Kf7 0-1

[Event "San Francisco TNM Spring op"]
[Site "San Francisco"]
[Date "2016.03.22"]
[Round "2"]
[White "Marcus, Joel"]
[Black "Handler, Andrew Todd"]
[Result "1/2-1/2"]
[WhiteElo "1936"]
[BlackElo "1759"]
[PlyCount "53"]
[EventDate "2016.03.15"]
[EventType "swiss"]
[EventRounds "8"]
[EventCountry "USA"]
[SourceTitle "EXT 2018"]
[Source "ChessBase"]
[SourceDate "2017.10.13"]
[SourceVersion "1"]
[SourceVersionDate "2017.10.13"]
[SourceQuality "1"]

1. d4 e6 2. Nf3 f5 3. Bf4 Nf6 4. e3 b6 5. Nc3 Bb4 6. a3 Bxc3+ 7. bxc3 Bb7 8. Bd3 0-0 9. 0-0 Ne4 10. Bxe4 fxe4 11. Nd2 d6 12. Qg4 Qe8 13. Bg3 Qg6 14. Qxg6 hxg6 15. Rfb1 Nd7 16. Rb5 Rf5 17. c4 e5 18. c3 g5 19. a4 a5 20. Rb2 Kf7 21. c5 dxc5 22. Nc4 Ke6 23. Rd2 Bd5 24. Nxe5 Nxe5 25. Bxe5 cxd4 26. cxd4 Rf7 27. Rc2 1/2-1/2

[Event "San Francisco TNM Winter op"]
[Site "San Francisco"]
[Date "2016.01.12"]
[Round "2"]
[White "James, Charles"]
[Black "Marcus, Joel"]
[Result "0-1"]
[WhiteElo "1369"]
[BlackElo "1893"]
[PlyCount "50"]
[EventDate "2016.01.05"]
[EventType "swiss"]
[EventRounds "8"]
[EventCountry "USA"]
[SourceTitle "EXT 2018"]
[Source "ChessBase"]
[SourceDate "2017.10.13"]
[SourceVersion "1"]
[SourceVersionDate "2017.10.13"]
[SourceQuality "1"]

1. d4 d5 2. c4 Nc6 3. Nf3 Bg4 4. cxd5 Bxf3 5. exf3 Qxd5 6. Be3 Nf6 7. Nc3 Qa5 8. a3 0-0-0 9. Bb5 e5 10. Bxc6 bxc6 11. 0-0 exd4 12. b4 Qe5 13. Qa4 dxe3 14. Qa6+ Kd7 15. Rac1 Bd6 16. g3 exf2+ 17. Kxf2 Rhe8 18. Rfd1 Re6 19. Na4 Qe3+ 20. Kg2 Qe2+ 21. Qxe2 Rxe2+ 22. Kh3 Re3 23. Nc5+ Kc8 24. Ne4 Nxe4 25. fxe4 Rxa3 0-1

[Event "San Francisco Leighton Memorial"]
[Site "San Francisco"]
[Date "2015.09.15"]
[Round "7"]
[White "Anderson, Michael Gene"]
[Black "Marcus, Joel"]
[Result "0-1"]
[WhiteElo "1852"]
[BlackElo "1819"]
[PlyCount "82"]
[EventDate "2015.08.04"]
[EventType "swiss"]
[EventRounds "9"]
[EventCountry "USA"]
[SourceTitle "EXT 2023"]
[Source "ChessBase"]
[SourceDate "2022.10.05"]
[SourceVersion "1"]
[SourceVersionDate "2022.10.05"]
[SourceQuality "1"]

1. e4 e5 2. Nf3 Nf6 3. Nxe5 d6 4. Nf3 Nxe4 5. d4 d5 6. Bd3 Nc6 7. 0-0 Bg4 8. c4 Nf6 9. cxd5 Nxd5 10. Nc3 Be7 11. Be4 Nf6 12. h3 Bh5 13. Bxc6+ bxc6 14. g4 Bg6 15. Ne5 0-0 16. Bg5 Qd6 17. Qf3 Nd5 18. Bxe7 Nxe7 19. Rfd1 Rab8 20. b3 Rb4 21. Nc4 Qd7 22. Rac1 f6 23. Na4 Bf7 24. Nc5 Qc8 25. Qc3 Nd5 26. Qg3 f5 27. Ne5 fxg4 28. Nxc6 Rb6 29. Na4 Ra6 30. hxg4 Be8 31. Ne5 Nf4 32. Nc3 Rh6 33. g5 Nh3+ 34. Kh2 Nxg5+ 35. Kg2 Nh3 36. Nd5 Qb7 37. Rc5 Bf7 38. Nxf7 Rxf7 39. Re1 Nf4+ 40. Kf1 Rh1+ 41. Qg1 Rxg1+ 0-1

[Event "San Francisco TNM Spring op"]
[Site "San Francisco"]
[Date "2015.03.17"]
[Round "1"]
[White "Rothman, Ivan"]
[Black "Marcus, Joel"]
[Result "0-1"]
[WhiteElo "1397"]
[BlackElo "1820"]
[PlyCount "66"]
[EventDate "2015.03.17"]
[EventType "swiss"]
[EventRounds "8"]
[EventCountry "USA"]
[SourceTitle "EXT 2016"]
[Source "ChessBase"]
[SourceDate "2015.10.08"]
[SourceVersion "1"]
[SourceVersionDate "2015.10.08"]
[SourceQuality "1"]

1. Nf3 Nf6 2. g3 d5 3. Bg2 Bf5 4. 0-0 e6 5. d3 Bc5 6. Nbd2 h6 7. c3 c6 8. b4 Bb6 9. a4 a6 10. Qe1 0-0 11. e4 dxe4 12. dxe4 Bh7 13. Bb2 Qe7 14. h3 Rd8 15. Nh2 Nbd7 16. Kh1 Ne5 17. Qe2 Rd7 18. Nc4 Nxc4 19. Qxc4 Rad8 20. e5 Ne8 21. Be4 Bxe4+ 22. Qxe4 Rd2 23. Bc1 Rxf2 24. Rxf2 Bxf2 25. Qf3 Bb6 26. Ng4 f5 27. exf6 Nxf6 28. Nxf6+ Qxf6 29. Qxf6 gxf6 30. Bxh6 Rd3 31. Kg2 Kf7 32. Rc1 Kg6 33. Bf4 e5 0-1